LEADER 01206cam0 2200289 450 001 E600200065586 005 20211103090734.0 100 $a20100713d1981 |||||ita|0103 ba 101 $ager 102 $aBE 200 1 $aUeber Herder's Metakritik und deren Einführung in's Publikum durch den Hermes Psychopompos, nebst einer Beylage$f[von Wilhelm Traugott Krug]$gherausgegeben von Freunde der Wahrheit 205 $aImpression anastaltique 210 $aBruxelles$cCulture et Civilisation$d1981 215 $a138 p.$d19 cm 225 2 $aAetas kantiana$v157 300 $aRipr. facs. dell'ed. : s.l., 1799 410 1$1001LAEC00028480$12001 $a*Aetas kantiana$v157 700 1$aKrug$b, Wilhelm Traugott$3A600200061864$4070$0220514 801 0$aIT$bUNISOB$c20211103$gRICA 850 $aUNISOB 852 $aUNISOB$j100|Coll|19|k$m32877 912 $aE600200065586 940 $aM 102 Monografia moderna SBN 941 $aM 957 $a100|Coll|19|k$b000157$gSi$d32877$racquisto$1cutolo$2UNISOB$3UNISOB$420100713122616.0$520211103090723.0$6Alfano 996 $aUeber Herder's Metakritik und deren Einführung in's Publikum durch den Hermes Psychopompos, nebst einer Beylage$91701976 997 $aUNISOB LEADER 01077nam 2200361 450 001 9910479942103321 005 20191228160448.0 035 $a(CKB)3710000001072706 035 $a(MiAaPQ)EBC4813351 035 $a(EXLCZ)993710000001072706 100 $a20191228d2016 uy 0 101 0 $aeng 135 $aurcnu|||||||| 181 $ctxt$2rdacontent 182 $cc$2rdamedia 183 $acr$2rdacarrier 200 10$aKey indicators for Asia and the Pacific 2016 /$fAsian Development Bank 205 $aForty-seventh edition. 210 1$aMetro Manila, Philippines :$cAsian Development Bank,$d2016. 215 $a1 online resource (396 pages) 606 $aEconomic indicators$zAsia 606 $aEconomic indicators$zPacific Area 608 $aElectronic books. 615 0$aEconomic indicators 615 0$aEconomic indicators 676 $a306.095 801 0$bMiAaPQ 801 1$bMiAaPQ 801 2$bMiAaPQ 906 $aBOOK 912 $a9910479942103321 996 $aKey indicators for Asia and the Pacific 2016$91997810 997 $aUNINA